000 00591cam a2200217 a 4500
001 533051
005 20180306031014.0
008 870831s1988 moua b 001 0 eng
010 _a 87018078
020 _a080162195X (pbk.)
040 _aDLC
_cDLC
_dDLC
041 _aeng
080 _a613.2 vin
082 0 0 _a613.2 vin
_219
100 1 _a9
101 _anut
245 1 0 _aDecisions in nutrition /
_cVincent Hagarty ; illustrations by Donald O'Connor.
504 _aIncludes bibliographies and index.
906 _a7
_bcbc
_corignew
_d1
_eocip
_f19
_gy-gencatlg
942 _2ddc
_cBK
999 _c44099
_d44099